Devinez cet écrivain! Spécial britanniques - Statistiques

Statistiques générales
  • Ce quiz a été pris 53 fois
  • Le résultat moyen est 8 sur 10
Statistiques - réponses
Description Écrivain/Écrivaine % Correct
Ses livres les plus connues étant "Le Crime de l'Orient-Express" et "Mort sur le Nil", elle est la romancière ayant vendue le plus de livres de l'histoire (2,5 à 4 milliards en tout). Agatha Christie
100%
Auteur de "1984" et "La Ferme des animaux", il s'est engagé dans les brigades internationales lors de la Guerre civile d'Espagne. George Orwell
98%
Connue pour la saga "Harry Potter", elle est aujourd'hui énormément critiquée pour ses multiples positions transphobes ou bien négationnistes. J. K. Rowling
92%
"Le Seigneur des anneaux" est sa saga phare, son expérience militaire lors de la 1ère guerre mondiale lui aurait inspiré ces livres. J. R. R. Tolkien
90%
"Orgueil et Préjugés" et "Persuasion", elle s'était inventé 2 époux en créant des faux certificats de mariage. Jane Austen
86%
Écrivain célèbre pour "Oliver Twist" et "David Copperfield", il aimait la France et notamment 2 villes : Paris et... Boulogne-sur-Mer. Charles Dickens
82%
Ses livres suivant le détective Sherlock Holmes étant célèbres, il était d'abord chirurgien. Arthur Conan Doyle
73%
"Le meilleur des mondes" et "Les Portes de la perception" sont ses 2 œuvres les plus connues, il maîtrisait parfaitement le français. Aldous Huxley
67%
Autrice de "Jane Eyre" et "Shirley", elle fait partie d'une grande fratrie de romancières et poétesses. Charlotte Brontë
63%
Reconnue pour "Orlando" et "Les Vagues", elle est aujourd'hui devenue une figure féministe. Virginia Woolf
47%
Aucun quiz correspondant
Distribution des résultats
% des personnes avec chaque résultat
Percentile par nombre de réponses
Votre historique - résultats
Vous n’avez pas pris ce quiz